Educación, juventud y trabajo : (Record no. 210714)

MARC details
000 -CABECERA
campo de control de longitud fija 00959nam a22002177a 4500
005 - FECHA Y HORA DE LA ÚLTIMA TRANSACCIÓN
campo de control 20240105181316.0
007 - CAMPO FIJO DE DESCRIPCIÓN FÍSICA--INFORMACIÓN GENERAL
campo de control de longitud fija cr |||aaa|||||
008 - ELEMENTOS DE LONGITUD FIJA--INFORMACIÓN GENERAL
campo de control de longitud fija 240105s2020 cl|d|||fo|||| 000 0 spa d
040 ## - FUENTE DE LA CATALOGACIÓN
Centro catalogador/agencia de origen MX-MxUPN
Lengua de catalogación spa
Normas de descripción aacr2
Centro/agencia transcriptor MX-MxUPN
050 #4 - SIGNATURA TOPOGRÁFICA DE LA BIBLIOTECA DEL CONGRESO
Número de clasificación LC5225 E57
245 10 - MENCIÓN DE TÍTULO
Título Educación, juventud y trabajo :
Resto del título habilidades y competencias necesarias en un contexto cambiante
Medio [recurso electrónico en línea]
260 ## - PUBLICACIÓN, DISTRIBUCIÓN, ETC.
Lugar de publicación, distribución, etc. Santiago :
Nombre del editor, distribuidor, etc. Comisión Económica para América Latina y el Caribe :
-- Organización de Estados Iberoamericanos para la Educación, la Ciencia y la Cultura,
Fecha de publicación, distribución, etc. 2020
300 ## - DESCRIPCIÓN FÍSICA
Extensión 1 recurso en línea (112 páginas) :
Otras características físicas PDF
490 0# - MENCIÓN DE SERIE
Mención de serie Documentos de proyectos
506 ## - NOTA DE RESTRICCIONES AL ACCESO
Limitaciones de acceso Acceso abierto.
650 #4 - ASIENTO SECUNDARIO DE MATERIA - TERMINO TEMATICO
9 (RLIN) 5850
Término de materia o nombre geográfico como elemento de entrada Mercado laboral
Subdivisión general Efecto de la educación
Subdivisión geográfica América Latina
650 #4 - ASIENTO SECUNDARIO DE MATERIA - TERMINO TEMATICO
9 (RLIN) 9374
Término de materia o nombre geográfico como elemento de entrada Juventud
Subdivisión general Empleo
Subdivisión geográfica América Latina
856 40 - LOCALIZACIÓN Y ACCESO ELECTRÓNICOS
Identificador Uniforme del Recurso <a href="https://hdl.handle.net/11362/46066">https://hdl.handle.net/11362/46066</a>
902 ## - ELEMENTOS DE DATOS B LOCAL, LDB (RLIN)
Creó VíctorGodínez/050124
942 ## - ELEMENTOS DE PUNTO DE ACCESO ADICIONAL (KOHA)
Fuente del sistema de clasificación o colocación Library of Congress Classification
Tipo de ítem Koha Libro Electrónico
Holdings
Estado de retiro Estado de pérdida Fuente del sistema de clasificación o colocación Estado dañado No para préstamo Código de colección Localización permanente Ubicación/localización actual Ubicación en estantería Fecha de adquisición Clasificación Fecha visto por última vez Identificador Uniforme del Recurso Precio válido a partir de Tipo de ítem Koha
    Library of Congress Classification     Acceso abierto Bib. Gregorio Torres Quintero Bib. Gregorio Torres Quintero En línea 05/01/2024 LC5225 E57 05/01/2024 https://hdl.handle.net/11362/46066 05/01/2024 Libro Electrónico